| 000 | | | 04620cbm0a2200301#x 450 |
| 001 | | | 765447da-b2a1-40e6-898e-8d3d7a9f2642 |
| 005 | | | 20240507152034.0 |
| 100 | ## | $a | 20240109j19430409k###0rusy50 ca |
| 101 | 0# | $a | rus |
| 102 | ## | $a | RU |
| 122 | 0# | $a | d19430409## |
| 200 | 1# | $a | Докладная записка заведующего отделом Управления кадров ЦК ВКП(б) Н. В. Киселева и уполномоченного наркома электростанций СССР [В. С.] Плотникова Г. М. Маленкову о вывозе энергетического оборудования из Ленинграда в период 26 октября 1942 г. - 1 апреля 1943 г. |
| | $j | 9 апреля 1943 г. |
| 251 | ## | $c | Документ |
| 300 | ## | $a | Подлинник |
| 461 | #0 | $1 | 2001 |
| | $a | Ф. 17 |
| | $1 | 251 |
| | $c | Фонд |
| | $1 | 852 |
| | $j | 17 |
| 462 | #0 | $1 | 2001 |
| | $a | Оп. 127 |
| | $1 | 251 |
| | $c | Опись |
| | $1 | 852 |
| | $j | 127 |
| 462 | #0 | $1 | 2001 |
| | $a | Д. 412 |
| | $v | Л. 31-32 |
| | $1 | 251 |
| | $c | Дело |
| | $1 | 852 |
| | $j | 412 |
| 605 | ## | $2 | prlib_sh |
| | $3 | LIBNET\UAF\0000088514 |
| | $a | Вторая мировая война в архивных документах (Комплекс оцифрованных архивных документов, кино- и фотоматериалов) |
| | $l | коллекция |
| 606 | 1# | $2 | nlr_sh |
| | $3 | RU\NLR\AUTH\661253360 |
| | $a | Блокада Ленинграда |
| | $z | 1941 – 1944 |
| | $j | Документы и материалы |
| 606 | 1# | $2 | nlr_sh |
| | $3 | RU\NLR\AUTH\661264807 |
| | $a | Великая Отечественная война |
| | $z | 1941 - 1945 |
| | $y | Ленинградская область |
| | $j | Документы и материалы |
| 686 | ## | $a | 63.3(2)622,12ю1 |
| | $v | LBC/M |
| | $2 | rubbk |
| 686 | ## | $a | 63.3(2)622,13ю1 |
| | $v | LBC/M |
| | $2 | rubbk |
| 801 | #0 | $a | RU |
| | $b | ПБ им. Б.Н. Ельцина |
| | $c | 20240109 |
| 801 | #1 | $a | RU |
| | $b | ПБ им. Б.Н. Ельцина |
| | $c | 20240109 |
| | $2 | rusmarc |
| 801 | #2 | $a | RU |
| | $b | ПБ им. Б.Н. Ельцина |
| | $c | 20240109 |
| | $2 | rusmarc |
| 850 | ## | $a | Российский государственный архив социально-политической истории |
| 852 | ## | $a | РГАСПИ |
| | $j | Л. 31-32 |
| 856 | 4# | $n | ПБ им. Б.Н. Ельцина |
| | $u | http://readingroom.main.prlib.ru/item.aspx?id_node=n190271360&mode=full |
| 035 | ## | $a | LIBNET\0001372319 |
| 937 | ## | $d | 190271360 |
| | $h | Федеральное архивное агентство |